[Event "50+ World Senior Team Championship"]
[Site "chess24.com"]
[Date "2017.04.27"]
[Round "4"]
[White "Movsziszian, Karen"]
[Black "Ionov, Sergey"]
[Result "0-1"]
[Board "3"]
[WhiteElo "2483"]
[WhiteTitle "GM"]
[WhiteCountry "ARM"]
[WhiteFideId "13301152"]
[WhiteEloChange "-4"]
[BlackElo "2535"]
[BlackTitle "GM"]
[BlackCountry "RUS"]
[BlackFideId "4100875"]
[BlackEloChange "4"]

1. g3 {[%clk 1:30:57]} c5 {[%clk 1:29:59]} 2. Bg2 {[%clk 1:30:57]} Nc6 {[%clk
1:29:59]} 3. c4 {[%clk 1:30:57]} g6 {[%clk 1:29:59]} 4. Nc3 {[%clk 1:30:57]} Bg7
{[%clk 1:29:59]} 5. a3 {[%clk 1:30:57]} Nf6 {[%clk 1:29:59]} 6. Rb1 {[%clk
1:30:57]} a5 {[%clk 1:29:59]} 7. e3 {[%clk 1:30:57]} e6 {[%clk 1:29:59]} 8. Nf3
{[%clk 1:30:57]} d5 {[%clk 1:29:59]} 9. b3 {[%clk 1:30:57]} O-O {[%clk 1:29:59]}
10. O-O {[%clk 1:30:57]} b6 {[%clk 1:29:59]} 11. d3 {[%clk 1:30:57]} Bb7 {[%clk
1:29:59]} 12. Bb2 {[%clk 1:30:57]} Re8 {[%clk 1:29:59]} 13. Re1 {[%clk 1:30:57]}
Rc8 {[%clk 1:29:59]} 14. Ba1 {[%clk 1:30:57]} Rc7 {[%clk 1:29:59]} 15. Re2 {[%clk
1:30:57]} Rd7 {[%clk 1:29:59]} 16. Rd2 {[%clk 1:30:57]} d4 {[%clk 1:29:59]} 17.
exd4 {[%clk 1:30:57]} Nxd4 {[%clk 1:29:59]} 18. Nxd4 {[%clk 1:30:57]} cxd4 {[%clk
1:29:59]} 19. Nb5 {[%clk 1:30:57]} Bxg2 {[%clk 1:29:59]} 20. Kxg2 {[%clk
1:30:57]} e5 {[%clk 1:29:59]} 21. f3 {[%clk 0:21:59]} h5 {[%clk 0:15:39]} 22. Bb2
{[%clk 0:21:59]} h4 {[%clk 0:15:39]} 23. Re2 {[%clk 0:20:58]} Bh6 {[%clk
0:10:06]} 24. Bc1 {[%clk 0:21:20]} Bxc1 {[%clk 0:10:27]} 25. Qxc1 {[%clk
0:21:31]} Nh5 {[%clk 0:10:27]} 26. Qh6 {[%clk 0:21:10]} Ng7 {[%clk 0:06:20]} 27.
g4 {[%clk 0:19:18]} Qf6 {[%clk 0:04:52]} 28. Rf1 {[%clk 0:14:03]} Ne6 {[%clk
0:03:57]} 29. Kh1 {[%clk 0:14:07]} Nf4 {[%clk 0:03:26]} 30. Rd2 {[%clk 0:14:32]}
h3 {[%clk 0:02:31]} 31. b4 {[%clk 0:14:43]} axb4 {[%clk 0:02:31]} 32. axb4 {[%clk
0:14:43]} Qc6 {[%clk 0:01:36]} 33. Kg1 {[%clk 0:14:58]} Ra8 {[%clk 0:01:35]} 34.
Qh4 {[%clk 0:14:01]} Kg7 {[%clk 0:01:34]} 35. Qe1 {[%clk 0:14:21]} Re8 {[%clk
0:00:55]} 36. Qe4 {[%clk 0:13:09]} Qxe4 {[%clk 0:01:13]} 37. fxe4 {[%clk
0:13:23]} Ra8 {[%clk 0:00:50]} 38. Rc1 {[%clk 0:13:39]} Ne6 {[%clk 0:00:37]} 39.
c5 {[%clk 0:11:24]} bxc5 {[%clk 0:01:00]} 40. bxc5 {[%clk 0:41:53]} Rb7 {[%clk
0:30:46]} 41. Nd6 {[%clk 0:42:00]} Rba7 {[%clk 0:13:06]} 42. c6 {[%clk 0:37:16]}
Ra1 {[%clk 0:09:26]} 43. Rxa1 {[%clk 0:37:23]} Rxa1+ {[%clk 0:09:54]} 44. Kf2
{[%clk 0:37:49]} Kf6 {[%clk 0:07:15]} 45. Nc4 {[%clk 0:22:19]} Ra6 {[%clk
0:03:20]} 46. g5+ {[%clk 0:22:19]} Kxg5 {[%clk 0:03:06]} 47. Nxe5 {[%clk
0:22:33]} Kf4 {[%clk 0:02:01]} 48. Nxf7 {[%clk 0:18:55]} Rxc6 {[%clk 0:02:28]}
49. Rb2 {[%clk 0:18:37]} Rc3 {[%clk 0:01:03]} 50. Nh8 {[%clk 0:18:19]} Rxd3
{[%clk 0:00:53]} 51. Nxg6+ {[%clk 0:18:42]} Kxe4 {[%clk 0:00:56]} 52. Rb5 {[%clk
0:17:32]} Rf3+ {[%clk 0:01:03]} 53. Ke1 {[%clk 0:17:59]} Re3+ {[%clk 0:00:49]}
54. Kd2 {[%clk 0:17:58]} Kf3 {[%clk 0:00:37]} 55. Nh4+ {[%clk 0:16:52]} Kg4
{[%clk 0:01:04]} 56. Nf5 {[%clk 0:14:46]} Ra3 {[%clk 0:01:20]} 57. Nxd4 {[%clk
0:12:05]} Nxd4 {[%clk 0:01:47]} 58. Rb4 {[%clk 0:12:33]} Ra2+ {[%clk 0:01:33]}
59. Ke3 {[%clk 0:10:56]} Re2+ {[%clk 0:00:55]} 60. Kd3 {[%clk 0:11:25]} Rxh2
{[%clk 0:00:55]} 61. Rxd4+ {[%clk 0:10:41]} Kf3 {[%clk 0:00:57]} 62. Rd8 {[%clk
0:10:52]} Ra2 {[%clk 0:01:00]} 63. Rf8+ {[%clk 0:11:19]} Kg2 {[%clk 0:01:19]} 64.
Rg8+ {[%clk 0:11:12]} Kf1 {[%clk 0:01:40]} 65. Ke3 {[%clk 0:10:22]} h2 {[%clk
0:01:53]} 0-1

[Event "50+ World Senior Team Championship"]
[Site "chess24.com"]
[Date "2017.04.27"]
[Round "4"]
[White "Solozhenkin, Evgeniy"]
[Black "Galdunts, Sergey"]
[Result "1-0"]
[Board "4"]
[WhiteElo "2443"]
[WhiteTitle "GM"]
[WhiteCountry "RUS"]
[WhiteFideId "4102266"]
[WhiteEloChange "5"]
[BlackElo "2430"]
[BlackTitle "GM"]
[BlackCountry "ARM"]
[BlackFideId "13300067"]
[BlackEloChange "-5"]

1. e4 {[%clk 1:30:54]} d6 {[%clk 1:29:25]} 2. d4 {[%clk 1:31:17]} Nf6 {[%clk
1:29:51]} 3. Nc3 {[%clk 1:31:41]} e5 {[%clk 1:29:51]} 4. Nf3 {[%clk 1:31:55]}
Nbd7 {[%clk 1:30:11]} 5. Bc4 {[%clk 1:32:17]} Be7 {[%clk 1:30:25]} 6. a4 {[%clk
1:32:16]} O-O {[%clk 1:29:44]} 7. O-O {[%clk 1:32:06]} c6 {[%clk 1:29:58]} 8. Re1
{[%clk 1:24:14]} exd4 {[%clk 1:28:01]} 9. Nxd4 {[%clk 1:17:11]} Ne5 {[%clk
1:27:18]} 10. Ba2 {[%clk 1:11:04]} Re8 {[%clk 1:26:23]} 11. h3 {[%clk 1:10:34]}
Bd7 {[%clk 1:25:40]} 12. Be3 {[%clk 0:57:53]} Bf8 {[%clk 1:13:23]} 13. Qd2 {[%clk
0:48:49]} Ng6 {[%clk 0:49:39]} 14. f3 {[%clk 0:47:16]} h6 {[%clk 0:47:49]} 15.
Qf2 {[%clk 0:44:35]} Nh5 {[%clk 0:36:53]} 16. Nde2 {[%clk 0:41:51]} Be6 {[%clk
0:29:43]} 17. Rad1 {[%clk 0:40:28]} Bxa2 {[%clk 0:27:00]} 18. Nxa2 {[%clk
0:40:54]} Qh4 {[%clk 0:25:47]} 19. Qxh4 {[%clk 0:25:05]} Nxh4 {[%clk 0:26:01]}
20. Nac3 {[%clk 0:24:47]} Ng6 {[%clk 0:22:35]} 21. Nd4 {[%clk 0:21:46]} Nhf4
{[%clk 0:18:14]} 22. Nf5 {[%clk 0:21:28]} Red8 {[%clk 0:14:45]} 23. Rd2 {[%clk
0:20:52]} d5 {[%clk 0:12:57]} 24. exd5 {[%clk 0:19:31]} cxd5 {[%clk 0:13:24]} 25.
Bxf4 {[%clk 0:12:02]} Nxf4 {[%clk 0:13:35]} 26. Ne7+ {[%clk 0:12:28]} Bxe7 {[%clk
0:08:00]} 27. Rxe7 {[%clk 0:12:54]} Rab8 {[%clk 0:08:23]} 28. Rd4 {[%clk
0:09:17]} Ne6 {[%clk 0:08:11]} 29. Rxd5 {[%clk 0:09:33]} Rxd5 {[%clk 0:07:21]}
30. Nxd5 {[%clk 0:10:01]} Kf8 {[%clk 0:07:47]} 31. c4 {[%clk 0:10:27]} a5 {[%clk
0:07:34]} 32. b3 {[%clk 0:04:56]} Nc5 {[%clk 0:06:53]} 33. Rc7 {[%clk 0:05:20]}
Nxb3 {[%clk 0:06:23]} 34. Nb6 {[%clk 0:05:40]} Ke8 {[%clk 0:06:40]} 35. Kf2
{[%clk 0:05:22]} Nd4 {[%clk 0:06:33]} 36. Ke3 {[%clk 0:04:41]} Ne6 {[%clk
0:05:25]} 37. Rd7 {[%clk 0:05:03]} g5 {[%clk 0:04:25]} 38. g3 {[%clk 0:04:52]} h5
{[%clk 0:00:58]} 39. h4 {[%clk 0:04:30]} gxh4 {[%clk 0:01:11]} 40. gxh4 {[%clk
0:35:00]} Rd8 {[%clk 0:31:19]} 41. Rxb7 {[%clk 0:33:58]} Rd4 {[%clk 0:26:19]} 42.
c5 {[%clk 0:18:55]} f5 {[%clk 0:19:44]} 43. c6 {[%clk 0:16:19]} f4+ {[%clk
0:20:11]} 44. Ke2 {[%clk 0:14:45]} Rd6 {[%clk 0:20:37]} 45. Rb8+ {[%clk 0:15:03]}
Kf7 {[%clk 0:20:48]} 46. Nc4 {[%clk 0:15:19]} Rd5 {[%clk 0:09:16]} 47. Rb7+
{[%clk 0:10:19]} Kg6 {[%clk 0:08:13]} 48. c7 {[%clk 0:09:58]} Rc5 {[%clk
0:06:03]} 49. Rb6 {[%clk 0:10:13]} Rxc4 {[%clk 0:03:03]} 50. Rxe6+ {[%clk
0:10:37]} Kf7 {[%clk 0:03:25]} 51. Rh6 {[%clk 0:08:04]} Kg7 {[%clk 0:03:54]} 52.
Rxh5 {[%clk 0:08:24]} Rxc7 {[%clk 0:04:21]} 53. Rxa5 {[%clk 0:07:35]} Re7+ {[%clk
0:03:26]} 54. Kf2 {[%clk 0:07:36]} Kf6 {[%clk 0:03:06]} 55. h5 {[%clk 0:03:21]}
Rc7 {[%clk 0:03:06]} 56. Kg2 {[%clk 0:03:43]} Rg7+ {[%clk 0:02:58]} 57. Kf2
{[%clk 0:03:45]} Rg3 {[%clk 0:02:51]} 58. Ke2 {[%clk 0:03:07]} Rh3 {[%clk
0:02:42]} 59. h6 {[%clk 0:02:14]} Kg6 {[%clk 0:02:22]} 60. Ra6+ {[%clk 0:02:38]}
Kg5 {[%clk 0:01:53]} 61. a5 {[%clk 0:02:15]} Rh2+ {[%clk 0:01:30]} 62. Kf1 {[%clk
0:02:29]} Ra2 {[%clk 0:00:31]} 63. h7 {[%clk 0:02:44]} Ra1+ {[%clk 0:00:42]} 64.
Ke2 {[%clk 0:02:59]} Rh1 {[%clk 0:00:40]} 65. Ra7 {[%clk 0:03:24]} 1-0

[Event "50+ World Senior Team Championship"]
[Site "chess24.com"]
[Date "2017.04.27"]
[Round "4"]
[White "Lewis, Andrew P"]
[Black "Nunn, John D M"]
[Result "1/2-1/2"]
[Board "2"]
[WhiteElo "2245"]
[WhiteTitle "FM"]
[WhiteCountry "ENG"]
[WhiteFideId "400955"]
[WhiteEloChange "8"]
[BlackElo "2600"]
[BlackTitle "GM"]
[BlackCountry "ENG"]
[BlackFideId "400017"]
[BlackEloChange "-4"]

1. Nf3 {[%clk 1:30:49]} Nf6 {[%clk 1:30:50]} 2. c4 {[%clk 1:31:01]} g6 {[%clk
1:31:14]} 3. Nc3 {[%clk 1:31:10]} Bg7 {[%clk 1:31:38]} 4. e4 {[%clk 1:31:26]} d6
{[%clk 1:32:01]} 5. d4 {[%clk 1:31:37]} O-O {[%clk 1:32:24]} 6. Be2 {[%clk
1:31:54]} e5 {[%clk 1:32:47]} 7. O-O {[%clk 1:32:06]} Nc6 {[%clk 1:33:10]} 8. d5
{[%clk 1:32:14]} Ne7 {[%clk 1:33:34]} 9. Ne1 {[%clk 1:32:11]} Nd7 {[%clk
1:33:40]} 10. Nd3 {[%clk 1:31:59]} f5 {[%clk 1:34:01]} 11. Bd2 {[%clk 1:31:37]}
Nf6 {[%clk 1:34:14]} 12. f3 {[%clk 1:29:42]} Kh8 {[%clk 1:34:24]} 13. Rc1 {[%clk
1:27:38]} c6 {[%clk 1:33:23]} 14. Be3 {[%clk 1:25:53]} a6 {[%clk 1:25:43]} 15. a4
{[%clk 1:14:04]} f4 {[%clk 1:14:52]} 16. Bf2 {[%clk 1:09:17]} g5 {[%clk 1:06:53]}
17. c5 {[%clk 0:47:10]} cxd5 {[%clk 1:04:49]} 18. cxd6 {[%clk 0:46:16]} Ng6
{[%clk 1:00:42]} 19. exd5 {[%clk 0:36:22]} g4 {[%clk 0:41:07]} 20. Ne4 {[%clk
0:33:50]} Nxe4 {[%clk 0:34:40]} 21. fxe4 {[%clk 0:34:07]} Qg5 {[%clk 0:33:14]}
22. Rxc8 {[%clk 0:31:07]} Raxc8 {[%clk 0:32:30]} 23. Bxg4 {[%clk 0:31:28]} f3
{[%clk 0:28:26]} 24. Bxf3 {[%clk 0:25:56]} Nh4 {[%clk 0:28:40]} 25. Bxh4 {[%clk
0:19:21]} Qxh4 {[%clk 0:29:00]} 26. d7 {[%clk 0:19:40]} Rc4 {[%clk 0:24:16]} 27.
Bg4 {[%clk 0:13:51]} Rxe4 {[%clk 0:23:14]} 28. Rxf8+ {[%clk 0:04:50]} Bxf8 {[%clk
0:23:32]} 29. g3 {[%clk 0:04:52]} Rxg4 {[%clk 0:12:38]} 30. Qxg4 {[%clk 0:04:42]}
Qxg4 {[%clk 0:13:03]} 31. d8Q {[%clk 0:05:03]} Qd4+ {[%clk 0:10:50]} 32. Kg2
{[%clk 0:01:47]} Kg8 {[%clk 0:10:04]} 33. Qg5+ {[%clk 0:01:17]} Bg7 {[%clk
0:10:27]} 34. Qd8+ {[%clk 0:01:24]} Bf8 {[%clk 0:10:51]} 35. Qg5+ {[%clk
0:01:44]} Bg7 {[%clk 0:11:15]} 36. Qd8+ {[%clk 0:02:02]} 1/2-1/2

[Event "50+ World Senior Team Championship"]
[Site "chess24.com"]
[Date "2017.04.27"]
[Round "4"]
[White "Speelman, Jon S"]
[Black "Burnett, Jim"]
[Result "1-0"]
[Board "3"]
[WhiteElo "2511"]
[WhiteTitle "GM"]
[WhiteCountry "ENG"]
[WhiteFideId "400033"]
[WhiteEloChange "1"]
[BlackElo "2075"]
[BlackCountry "ENG"]
[BlackFideId "402273"]
[BlackEloChange "-2"]

1. Nf3 {[%clk 1:30:36]} d5 {[%clk 1:30:48]} 2. g3 {[%clk 1:30:56]} Nf6 {[%clk
1:31:08]} 3. Bg2 {[%clk 1:31:20]} c6 {[%clk 1:31:00]} 4. O-O {[%clk 1:31:31]} Bf5
{[%clk 1:31:22]} 5. d3 {[%clk 1:31:44]} e6 {[%clk 1:31:46]} 6. b3 {[%clk
1:29:52]} h6 {[%clk 1:31:03]} 7. Bb2 {[%clk 1:30:16]} Be7 {[%clk 1:31:29]} 8.
Nbd2 {[%clk 1:30:41]} O-O {[%clk 1:31:46]} 9. e3 {[%clk 1:31:00]} Nbd7 {[%clk
1:29:54]} 10. Qe2 {[%clk 1:31:07]} a5 {[%clk 1:27:23]} 11. a3 {[%clk 1:28:58]}
Rc8 {[%clk 1:26:13]} 12. e4 {[%clk 1:27:04]} Bh7 {[%clk 1:26:23]} 13. Rfe1 {[%clk
1:27:04]} b5 {[%clk 1:23:15]} 14. h3 {[%clk 1:11:39]} Qb6 {[%clk 1:20:55]} 15.
Rab1 {[%clk 1:10:44]} Rfd8 {[%clk 1:18:26]} 16. b4 {[%clk 1:08:48]} c5 {[%clk
1:08:22]} 17. exd5 {[%clk 1:06:42]} Nxd5 {[%clk 1:09:13]} 18. c4 {[%clk 1:03:52]}
Nc7 {[%clk 1:04:08]} 19. bxa5 {[%clk 1:02:36]} Qxa5 {[%clk 1:04:01]} 20. cxb5
{[%clk 0:59:22]} Nxb5 {[%clk 1:04:02]} 21. Nc4 {[%clk 0:59:48]} Qa6 {[%clk
1:02:36]} 22. Nfd2 {[%clk 0:53:42]} Rb8 {[%clk 1:00:22]} 23. Be4 {[%clk 0:51:07]}
Bf6 {[%clk 0:50:17]} 24. Bxh7+ {[%clk 0:47:46]} Kxh7 {[%clk 0:50:35]} 25. Nf3
{[%clk 0:46:46]} Bxb2 {[%clk 0:43:45]} 26. Rxb2 {[%clk 0:47:10]} Nc3 {[%clk
0:42:46]} 27. Qc2 {[%clk 0:45:12]} Rxb2 {[%clk 0:38:02]} 28. Qxb2 {[%clk
0:45:37]} Nd5 {[%clk 0:38:09]} 29. Rb1 {[%clk 0:42:57]} Rb8 {[%clk 0:37:35]} 30.
Qc2 {[%clk 0:43:23]} Kg8 {[%clk 0:30:46]} 31. Nfe5 {[%clk 0:39:51]} Rxb1+ {[%clk
0:30:46]} 32. Qxb1 {[%clk 0:40:16]} Nxe5 {[%clk 0:26:32]} 33. Qb8+ {[%clk
0:40:37]} Kh7 {[%clk 0:26:56]} 34. Nxe5 {[%clk 0:41:02]} Qxa3 {[%clk 0:20:13]}
35. Nxf7 {[%clk 0:40:39]} Qa1+ {[%clk 0:19:32]} 36. Kg2 {[%clk 0:39:27]} Qf6
{[%clk 0:19:02]} 37. Ne5 {[%clk 0:36:47]} h5 {[%clk 0:18:10]} 38. h4 {[%clk
0:34:02]} Qe7 {[%clk 0:14:56]} 39. Nf3 {[%clk 0:26:00]} Nb4 {[%clk 0:12:11]} 40.
Qe5 {[%clk 0:51:57]} g6 {[%clk 0:41:54]} 41. Ng5+ {[%clk 0:51:24]} Kg8 {[%clk
0:41:52]} 42. Qe4 {[%clk 0:50:27]} Qf6 {[%clk 0:41:43]} 43. Qa8+ {[%clk 0:49:54]}
Kg7 {[%clk 0:41:50]} 44. Qb7+ {[%clk 0:49:14]} Kg8 {[%clk 0:41:54]} 45. Qc8+
{[%clk 0:48:48]} 1-0

[Event "50+ World Senior Team Championship"]
[Site "chess24.com"]
[Date "2017.04.27"]
[Round "4"]
[White "Huzman, Alexander"]
[Black "Wallner, Joachim"]
[Result "1/2-1/2"]
[Board "1"]
[WhiteElo "2550"]
[WhiteTitle "GM"]
[WhiteCountry "ISR"]
[WhiteFideId "2803828"]
[WhiteEloChange "-3"]
[BlackElo "2313"]
[BlackTitle "FM"]
[BlackCountry "AUT"]
[BlackFideId "1608720"]
[BlackEloChange "6"]

1. d4 {[%clk 1:30:56]} d5 {[%clk 1:30:55]} 2. c4 {[%clk 1:31:16]} c6 {[%clk
1:31:22]} 3. Nf3 {[%clk 1:31:37]} Nf6 {[%clk 1:31:48]} 4. g3 {[%clk 1:32:04]} e6
{[%clk 1:31:30]} 5. Nbd2 {[%clk 1:28:00]} Be7 {[%clk 1:16:11]} 6. Bg2 {[%clk
1:26:41]} O-O {[%clk 1:16:34]} 7. O-O {[%clk 1:26:28]} b5 {[%clk 1:16:56]} 8. c5
{[%clk 1:20:33]} a5 {[%clk 1:12:36]} 9. Qc2 {[%clk 1:20:16]} Nbd7 {[%clk
1:09:58]} 10. e4 {[%clk 1:20:08]} Nxe4 {[%clk 1:04:41]} 11. Nxe4 {[%clk 1:20:02]}
dxe4 {[%clk 1:05:07]} 12. Qxe4 {[%clk 1:10:39]} Nf6 {[%clk 1:00:29]} 13. Qc2
{[%clk 1:09:18]} Nd5 {[%clk 1:00:54]} 14. Bd2 {[%clk 1:08:18]} Ba6 {[%clk
0:55:58]} 15. Rfe1 {[%clk 1:05:51]} Re8 {[%clk 0:52:54]} 16. h4 {[%clk 1:05:23]}
h6 {[%clk 0:45:28]} 17. Ne5 {[%clk 0:54:46]} Qc7 {[%clk 0:42:12]} 18. Rad1 {[%clk
0:52:47]} b4 {[%clk 0:42:16]} 19. a4 {[%clk 0:46:23]} bxa3 {[%clk 0:39:30]} 20.
bxa3 {[%clk 0:46:41]} a4 {[%clk 0:39:46]} 21. Be4 {[%clk 0:41:51]} Bf6 {[%clk
0:33:23]} 22. Nf3 {[%clk 0:41:55]} Reb8 {[%clk 0:32:11]} 23. Bxd5 {[%clk
0:41:48]} exd5 {[%clk 0:31:35]} 24. Bf4 {[%clk 0:42:08]} Qd7 {[%clk 0:32:00]} 25.
Bxb8 {[%clk 0:40:20]} Rxb8 {[%clk 0:32:30]} 26. Ne5 {[%clk 0:40:05]} Bxe5 {[%clk
0:32:49]} 27. Rxe5 {[%clk 0:40:31]} Rb3 {[%clk 0:33:08]} 28. h5 {[%clk 0:19:35]}
Rxa3 {[%clk 0:31:24]} 29. Qd2 {[%clk 0:18:07]} Rd3 {[%clk 0:21:59]} 30. Qc2
{[%clk 0:17:52]} Rb3 {[%clk 0:21:15]} 31. Qa2 {[%clk 0:14:33]} Bc4 {[%clk
0:11:07]} 32. Qxa4 {[%clk 0:10:27]} Qh3 {[%clk 0:10:25]} 33. Ree1 {[%clk
0:07:43]} 1/2-1/2

[Event "50+ World Senior Team Championship"]
[Site "chess24.com"]
[Date "2017.04.27"]
[Round "4"]
[White "Soffer, Ram"]
[Black "Druckenthaner, Andreas"]
[Result "1/2-1/2"]
[Board "3"]
[WhiteElo "2508"]
[WhiteTitle "GM"]
[WhiteCountry "ISR"]
[WhiteFideId "2800101"]
[WhiteEloChange "-3"]
[BlackElo "2258"]
[BlackTitle "FM"]
[BlackCountry "AUT"]
[BlackFideId "1600567"]
[BlackEloChange "6"]

1. e4 {[%clk 1:30:53]} e5 {[%clk 1:30:49]} 2. Nf3 {[%clk 1:31:09]} Nc6 {[%clk
1:31:14]} 3. Bb5 {[%clk 1:31:35]} Nf6 {[%clk 1:31:35]} 4. d3 {[%clk 1:31:48]} d6
{[%clk 1:31:29]} 5. c3 {[%clk 1:31:19]} g6 {[%clk 1:31:45]} 6. d4 {[%clk
1:30:24]} Bd7 {[%clk 1:31:34]} 7. Bd3 {[%clk 1:27:41]} Bg7 {[%clk 1:31:52]} 8. d5
{[%clk 1:17:47]} Ne7 {[%clk 1:31:53]} 9. c4 {[%clk 1:18:14]} O-O {[%clk 1:32:11]}
10. Nc3 {[%clk 1:18:40]} Ne8 {[%clk 1:28:35]} 11. h4 {[%clk 1:17:06]} Nf6 {[%clk
1:20:08]} 12. Be2 {[%clk 1:08:49]} Bg4 {[%clk 1:13:04]} 13. Be3 {[%clk 0:54:42]}
c6 {[%clk 1:02:02]} 14. g3 {[%clk 0:49:28]} cxd5 {[%clk 0:57:34]} 15. cxd5 {[%clk
0:49:49]} b5 {[%clk 0:54:24]} 16. a3 {[%clk 0:43:53]} a6 {[%clk 0:39:43]} 17. Kf1
{[%clk 0:42:31]} Qd7 {[%clk 0:37:22]} 18. Kg2 {[%clk 0:42:42]} Qb7 {[%clk
0:36:27]} 19. Nd2 {[%clk 0:38:04]} Bxe2 {[%clk 0:36:21]} 20. Qxe2 {[%clk
0:38:31]} Nd7 {[%clk 0:27:55]} 21. h5 {[%clk 0:35:34]} f5 {[%clk 0:28:15]} 22.
Bg5 {[%clk 0:35:50]} Nf6 {[%clk 0:25:52]} 23. hxg6 {[%clk 0:35:22]} hxg6 {[%clk
0:26:07]} 24. Rh3 {[%clk 0:28:50]} Rf7 {[%clk 0:13:53]} 25. Bxf6 {[%clk 0:23:41]}
Rxf6 {[%clk 0:12:43]} 26. Qd3 {[%clk 0:22:49]} Raf8 {[%clk 0:11:48]} 27. Re1
{[%clk 0:18:57]} Qb6 {[%clk 0:10:41]} 28. Qe3 {[%clk 0:17:08]} Qxe3 {[%clk
0:10:57]} 29. Rxe3 {[%clk 0:17:06]} f4 {[%clk 0:09:27]} 30. Rd3 {[%clk 0:15:26]}
g5 {[%clk 0:09:17]} 31. g4 {[%clk 0:14:52]} f3+ {[%clk 0:08:16]} 32. Rhxf3 {[%clk
0:12:00]} Ng6 {[%clk 0:08:32]} 33. Rxf6 {[%clk 0:12:25]} Bxf6 {[%clk 0:07:58]}
34. Ne2 {[%clk 0:12:31]} Nf4+ {[%clk 0:06:54]} 35. Nxf4 {[%clk 0:12:56]} exf4
{[%clk 0:07:18]} 36. b3 {[%clk 0:11:18]} Rc8 {[%clk 0:07:19]} 37. a4 {[%clk
0:09:51]} Kf7 {[%clk 0:07:08]} 38. axb5 {[%clk 0:09:28]} axb5 {[%clk 0:07:31]}
39. e5 {[%clk 0:04:17]} Bxe5 {[%clk 0:06:44]} 40. Ne4 {[%clk 0:34:44]} Kg6 {[%clk
0:33:46]} 41. Rh3 {[%clk 0:33:47]} Rc2 {[%clk 0:25:29]} 42. Rh5 {[%clk 0:33:03]}
Bf6 {[%clk 0:20:09]} 43. Nxd6 {[%clk 0:30:55]} Rc5 {[%clk 0:20:23]} 44. Nf5
{[%clk 0:29:39]} Rxd5 {[%clk 0:20:29]} 45. Rh6+ {[%clk 0:30:05]} Kf7 {[%clk
0:20:51]} 46. Rh7+ {[%clk 0:30:28]} Ke6 {[%clk 0:20:18]} 47. Rb7 {[%clk 0:30:50]}
f3+ {[%clk 0:17:47]} 48. Kxf3 {[%clk 0:27:56]} Rd3+ {[%clk 0:18:11]} 49. Ke4
{[%clk 0:28:16]} Rxb3 {[%clk 0:18:34]} 50. Rb6+ {[%clk 0:28:39]} Kf7 {[%clk
0:18:34]} 51. Rxb5 {[%clk 0:28:21]} Ra3 {[%clk 0:17:48]} 52. Nd6+ {[%clk
0:25:09]} Kg6 {[%clk 0:15:48]} 53. Nc4 {[%clk 0:24:57]} Ra2 {[%clk 0:15:28]} 54.
f3 {[%clk 0:24:25]} Rc2 {[%clk 0:14:55]} 55. Ne3 {[%clk 0:20:27]} Rc6 {[%clk
0:15:17]} 56. Nd5 {[%clk 0:19:51]} Re6+ {[%clk 0:15:18]} 57. Kd3 {[%clk 0:20:17]}
Rd6 {[%clk 0:15:37]} 58. Kc4 {[%clk 0:20:14]} Rc6+ {[%clk 0:16:01]} 59. Rc5
{[%clk 0:20:17]} Ra6 {[%clk 0:15:14]} 60. Rb5 {[%clk 0:19:14]} Ra3 {[%clk
0:15:05]} 61. Rb3 {[%clk 0:19:31]} Ra4+ {[%clk 0:15:19]} 62. Kb5 {[%clk 0:18:44]}
Ra8 {[%clk 0:14:59]} 63. Kc4 {[%clk 0:14:14]} Rc8+ {[%clk 0:14:52]} 64. Kd3
{[%clk 0:14:32]} Rc5 {[%clk 0:14:56]} 65. Ke4 {[%clk 0:13:42]} Rc4+ {[%clk
0:12:41]} 66. Ke3 {[%clk 0:14:10]} Rc5 {[%clk 0:12:54]} 67. Nb6 {[%clk 0:14:13]}
Re5+ {[%clk 0:12:54]} 68. Kd3 {[%clk 0:14:35]} Re6 {[%clk 0:13:06]} 69. Nc4
{[%clk 0:14:11]} Re8 {[%clk 0:13:07]} 70. Rb6 {[%clk 0:14:24]} Rd8+ {[%clk
0:12:33]} 71. Rd6 {[%clk 0:14:43]} Re8 {[%clk 0:12:59]} 72. Nd2 {[%clk 0:13:42]}
Kf7 {[%clk 0:09:51]} 73. Ne4 {[%clk 0:13:51]} Rd8 {[%clk 0:10:02]} 74. Rxd8
{[%clk 0:13:41]} Bxd8 {[%clk 0:10:27]} 75. Kd4 {[%clk 0:12:52]} Ke6 {[%clk
0:10:20]} 76. Nc5+ {[%clk 0:13:19]} Kf6 {[%clk 0:10:42]} 77. Kd5 {[%clk 0:13:40]}
Be7 {[%clk 0:10:32]} 78. Nd7+ {[%clk 0:13:32]} Kg6 {[%clk 0:10:45]} 79. Ke6
{[%clk 0:13:56]} Ba3 {[%clk 0:10:42]} 80. Ne5+ {[%clk 0:14:07]} Kg7 {[%clk
0:10:55]} 81. Kf5 {[%clk 0:13:50]} Bc1 {[%clk 0:11:10]} 82. Nc6 {[%clk 0:12:14]}
Bd2 {[%clk 0:11:22]} 83. Nd4 {[%clk 0:12:24]} Bc1 {[%clk 0:11:39]} 84. Ne6+
{[%clk 0:12:49]} Kh6 {[%clk 0:12:05]} 85. Kf6 {[%clk 0:11:49]} Bb2+ {[%clk
0:11:53]} 86. Kf7 {[%clk 0:12:12]} Bc3 {[%clk 0:11:40]} 87. Nc5 {[%clk 0:11:40]}
Bb2 {[%clk 0:11:43]} 88. Ne4 {[%clk 0:11:16]} Bd4 {[%clk 0:11:47]} 89. Nd6 {[%clk
0:11:04]} Bb2 {[%clk 0:12:11]} 90. Nf5+ {[%clk 0:09:00]} Kh7 {[%clk 0:12:36]} 91.
Ne7 {[%clk 0:08:34]} Bc3 {[%clk 0:12:38]} 92. Nd5 {[%clk 0:08:28]} Bb2 {[%clk
0:12:51]} 93. Nf6+ {[%clk 0:07:53]} Kh6 {[%clk 0:13:13]} 94. Ng8+ {[%clk
0:07:35]} Kh7 {[%clk 0:13:36]} 95. Ne7 {[%clk 0:08:03]} Bc3 {[%clk 0:12:58]} 96.
Ng6 {[%clk 0:07:53]} Bb2 {[%clk 0:13:00]} 97. Nf8+ {[%clk 0:07:23]} Kh6 {[%clk
0:13:24]} 98. Nd7 {[%clk 0:07:18]} Bc3 {[%clk 0:13:32]} 99. Ke6 {[%clk 0:07:28]}
Kg6 {[%clk 0:11:09]} 100. Ne5+ {[%clk 0:07:51]} Kg7 {[%clk 0:11:16]} 101. Kf5
{[%clk 0:07:49]} Bd2 {[%clk 0:11:36]} 102. Nd3 {[%clk 0:07:54]} Be3 {[%clk
0:11:50]} 103. Nb4 {[%clk 0:08:09]} Bd2 {[%clk 0:11:51]} 104. Nd5 {[%clk
0:08:14]} Bc1 {[%clk 0:11:57]} 105. Nc3 {[%clk 0:08:25]} Be3 {[%clk 0:11:43]}
106. Ne4 {[%clk 0:08:36]} Kh6 {[%clk 0:12:08]} 107. Kf6 {[%clk 0:08:12]} Bd4+
{[%clk 0:11:22]} 108. Kf7 {[%clk 0:08:30]} Bb2 {[%clk 0:11:16]} 109. Ng3 {[%clk
0:08:28]} Bc3 {[%clk 0:11:07]} 110. Nf5+ {[%clk 0:08:45]} Kh7 {[%clk 0:11:32]}
111. Ne3 {[%clk 0:08:05]} Bd4 {[%clk 0:11:26]} 112. Nd5 {[%clk 0:08:11]} Bb2
{[%clk 0:11:27]} 113. Nc7 {[%clk 0:07:37]} Bc3 {[%clk 0:11:20]} 114. Ne6 {[%clk
0:07:15]} Kh6 {[%clk 0:11:25]} 115. Nf8 {[%clk 0:06:12]} Bb2 {[%clk 0:11:29]}
116. Ng6 {[%clk 0:06:14]} Bc3 {[%clk 0:11:17]} 117. Ne7 {[%clk 0:06:32]} Bb2
{[%clk 0:11:24]} 118. Nf5+ {[%clk 0:06:42]} Kh7 {[%clk 0:11:47]} 119. Ke6 {[%clk
0:06:23]} Kg6 {[%clk 0:11:00]} 120. Ne7+ {[%clk 0:06:41]} Kg7 {[%clk 0:10:09]}
121. Nc6 {[%clk 0:06:54]} Bc3 {[%clk 0:08:03]} 122. Kf5 {[%clk 0:07:16]} Bd2
{[%clk 0:08:11]} 123. Nd8 {[%clk 0:07:28]} Bc1 {[%clk 0:08:20]} 124. Ne6+ {[%clk
0:07:48]} Kh6 {[%clk 0:08:46]} 125. f4 {[%clk 0:07:11]} Bxf4 {[%clk 0:08:04]}
126. Nxf4 {[%clk 0:07:34]} gxf4 {[%clk 0:08:26]} 127. Kxf4 {[%clk 0:07:47]} Kg6
{[%clk 0:08:51]} 1/2-1/2